00830nac a22002171u 4500010001600000020001500016082002000031090001500051100003400066245007400100260004300174300003400217440006500251500002800316504006400344511002900408650003000437942002200467999001500489952010800504 a 88012811 a007001671200a629.132306bAND c5943d5943 aAnderson, John David. 10aHypersonic and high temperature gas dynamics /cJohn D. Anderson, Jr. aNew York :bMcGraw-Hill,c1989.cc1989. axiv, 690 p. :bill. ;c24 cm. 0aMcGraw-Hill series in aeronautical and aerospace engineering aDistributer : Al-Ahram. aIncludes bibliographical references (p. 677-686) and index. aCatalogued By : Mahitab. 0aAerodynamics, Hypersonic. cBBk629.132306AND c5943d5943 00104070aMAINbMAINc1STd2007-11-08ePurchasel0o629.132306ANDp000006990r2025-07-15 00:00:00yBB